<?xml version="1.0" encoding="UTF-8"?>
<record
    xmlns:xsi="http://www.w3.org/2001/XMLSchema-instance"
    xsi:schemaLocation="http://www.loc.gov/MARC21/slim http://www.loc.gov/standards/marcxml/schema/MARC21slim.xsd"
    xmlns="http://www.loc.gov/MARC21/slim">

  <leader>01008cam a22002291  4500</leader>
  <controlfield tag="001">gs 13000563 </controlfield>
  <controlfield tag="003">DLC</controlfield>
  <controlfield tag="005">20260227111314.0</controlfield>
  <controlfield tag="008">920520s1913    ag abf        000 0 spa c</controlfield>
  <datafield tag="010" ind1=" " ind2=" ">
    <subfield code="a">gs 13000563 </subfield>
  </datafield>
  <datafield tag="035" ind1=" " ind2=" ">
    <subfield code="a">(OCoLC)25847581</subfield>
  </datafield>
  <datafield tag="040" ind1=" " ind2=" ">
    <subfield code="a">Library, U.S. Geol. survey</subfield>
    <subfield code="c">CSt</subfield>
    <subfield code="d">DLC</subfield>
  </datafield>
  <datafield tag="042" ind1=" " ind2=" ">
    <subfield code="a">premarc</subfield>
  </datafield>
  <datafield tag="050" ind1="0" ind2="0">
    <subfield code="a">QE231</subfield>
    <subfield code="b">.K4</subfield>
  </datafield>
  <datafield tag="100" ind1="1" ind2=" ">
    <subfield code="a">Keidel, Hans,</subfield>
    <subfield code="d">1877-</subfield>
  </datafield>
  <datafield tag="245" ind1="0" ind2="0">
    <subfield code="a">Composici&#xF3;n y estructura geol&#xF3;gica del Caj&#xF3;n del Cadillal,</subfield>
    <subfield code="c">por el doctor Juan Keidel ...</subfield>
  </datafield>
  <datafield tag="260" ind1=" " ind2=" ">
    <subfield code="a">Buenos Aires,</subfield>
    <subfield code="b">Talleres de publicaciones de la Direcci&#xF3;n meteorol&#xF3;gica,</subfield>
    <subfield code="c">1913.</subfield>
  </datafield>
  <datafield tag="300" ind1=" " ind2=" ">
    <subfield code="a">45 p.</subfield>
    <subfield code="b">illus., fold. pl., fold. map.</subfield>
    <subfield code="c">27 cm.</subfield>
  </datafield>
  <datafield tag="490" ind1="0" ind2=" ">
    <subfield code="a">Argentine Republic. Ministerio de agricultura. Secci&#xF3;n geolog&#xED;a, mineralog&#xED;a y miner&#xED;a. Anales.</subfield>
    <subfield code="v">tomo VIII, n&#xFA;m. 3</subfield>
  </datafield>
  <datafield tag="500" ind1=" " ind2=" ">
    <subfield code="a">At head of title: ... Direcci&#xF3;n general de minas, geolog&#xED;a &#xE9; hidrolog&#xED;a. Contribuci&#xF3;n al conocimiento geol&#xF3;gico de la Rep&#xFA;blica Argentina. Informes y comunicaciones.</subfield>
  </datafield>
  <datafield tag="650" ind1=" " ind2="0">
    <subfield code="a">Geology</subfield>
    <subfield code="z">Argentina.</subfield>
  </datafield>
  <datafield tag="999" ind1=" " ind2=" ">
    <subfield code="c">25283</subfield>
    <subfield code="d">25283</subfield>
  </datafield>
</record>
